[Event "Ch Russia (qual)"]
[Site "masterchessopen.com St. Petersburg (Russia)"]
[Round "5"]
[White "Tregubov Pavel V (RUS)"]
[Black "Nepomniachtchi Ian (RUS)"]
[Result "1-0"]
[WhiteElo "2629"]
[BlackElo "2492"]

{ Tregubov Pavel V (RUS) +5 =3 -1 } 1.d4 { 1 } 1...Nf6 2.c4 g6 3.g3 Bg7 4.Bg2
d5 5.cxd5 Nxd5 6.e4 Nb6 7.Ne2 c5 8.d5 O-O 9.O-O e6 ( 9...e5 10.Nbc3 Nc4 11.b3
Nd6 12.Be3 Na6 13.Rc1 b6 14.Qd2 Qe7 15.Bh6 Bd7 16.Bxg7 Kxg7 17.f4 f6 18.fxe5
fxe5 19.Rxf8 Rxf8 20.Rf1 Rc8 21.Rb1 Nc7 22.a4 Nce8 23.Qe3 Nf7 24.h3 Ned6 25.g4
a6 26.Ng3 b5 27.Kh2 b4 28.Nce2 a5 29.Ng1 { ...0-1, Jokic Miodrag 2195 -
Nestorovic Dejan 2401 , Belgrade 28. 1.2004 It (open) } ) 10.Nbc3 Na6 11.Nf4
exd5 ( 11...e5 12.Nd3 c4 13.Ne1 Bd7 14.Be3 Rc8 15.Nf3 Nc5 16.Qe2 Qe7 17.Nd2 f5
18.Nf3 { 1/2-1/2, Nielsen Peter Heine 2638 - Sutovsky Emil 2666 , Malme 2003
It (cat.13) } ) 12.Nfxd5 { = } 12...Be6 { } ( 12...Nxd5 13.Nxd5 Nb4 14.Be3 b6
15.Qd2 Bb7 16.Rfd1 Nxd5 17.exd5 Qd7 18.Rac1 a5 19.b3 Rfe8 20.a4 Qd6 21.Re1 Be5
22.Rcd1 Rad8 23.Bg5 Rc8 24.Bh3 f5 25.Bg2 Bd4 26.Bf4 Qd7 27.Re6 Rxe6 28.dxe6
Qe7 29.Bg5 Qc7 30.Bxb7 Qxb7 31.Qe2 Qd5 32.Bf6 { ...1/2-1/2, Horvath Peter 2100
- Flumbort Andras 2481 , Budapest 2003 It (cat.7) } ) 13.Re1 { N } ( 13.Bf4
Bxd5 ( 13...Re8 14.Rc1 Qd7 15.Qb3 Nb4 16.Rfd1 N4xd5 17.exd5 Bg4 18.Rd2 Rad8
19.Ne4 c4 20.Qa3 Bh3 21.Nc5 Qf5 22.Bxh3 Qxh3 23.Qf3 Qc8 24.Ne4 Qf5 25.Ng5 {
1/2-1/2, Slipak Sergio 2493 - Ricardi Pablo 2538 , Florida 2001 It (cat.9) } )
14.exd5 c4 ( 14...Qd7 15.d6 c4 16.a4 Rad8 17.a5 Nc8 18.Qd5 Qe6 19.Rfd1 Rd7
20.Ra4 Nc7 21.Qc5 Rfd8 22.Rxc4 Nxd6 23.Rxd6 Rxd6 24.Bxd6 Na6 25.Qd5 Qxd6
26.Qxd6 Rxd6 27.Bxb7 Bf8 28.Kg2 Nb8 29.Ne4 Rd3 30.Rc7 Kg7 31.Bc8 Bb4 32.Be6
Bxa5 { ...1-0, Grabarczyk Miroslaw 2495 - Zezulkin Jurij 2529 , Zakopane 2000
Ch Poland (team) } ) 15.Qd2 Nc5 16.d6 Qd7 17.Rfe1 Rfe8 18.Bf1 Qf5 19.Rxe8+
Rxe8 20.Rd1 Rd8 21.Nd5 Nxd5 22.Qxd5 Qxd5 23.Rxd5 Ne6 24.Bxc4 Nxf4 25.gxf4 Bxb2
26.Rb5 Bd4 27.Rd5 Bc3 28.a3 Bb2 29.a4 Ba3 30.d7 a6 31.a5 Kf8 32.Bb3 Ke7 {
...1/2-1/2, Vaganian Rafael A 2645 - Ye Jiangchuan 2575 , Moscow 1994 Olympiad
} ) 13...Re8 14.Bf4 Bxd5 { ?! } ( 14...g5 { !? } 15.Bc1 h6 16.Rb1 Nb4 { } )
15.exd5 Qd7 16.d6 Nb4 17.Rxe8+ Rxe8 18.Ne4 Qf5 19.Be3 Bd4 { ? } ( { ? }
19...N4d5 20.Bxc5 Bxb2 21.Bxb6 Nxb6 { } ) 20.Bxd4 cxd4 21.Qxd4 Nc2 22.Nf6+ Kh8
23.Qh4 h5 24.Nxe8 Nxa1 25.Qd4+ { } {#r} 1-0

[Event "Ch Europe"]
[Site "masterchessopen.com Antalya (Turkey)"]
[Date "2004.05.15"]
[Round "1"]
[White "Kempinski Robert (POL)"]
[Black "Bakalarz Mieczyslaw (LUX)"]
[Result "1-0"]
[WhiteElo "2608"]
[BlackElo "2389"]

1.d4 Nf6 2.c4 g6 3.g3 Bg7 4.Bg2 d5 5.cxd5 Nxd5 6.e4 Nb6 7.Ne2 c5 8.d5 e6 9.O-O
exd5 10.exd5 O-O 11.Nec3 Na6 12.d6 Nb4 13.Be3 c4 14.a4 Bf5 15.a5 Nc2 16.axb6
Nxa1 17.Na3 axb6 18.Qxa1 Bd3 19.Rd1 Qxd6 20.Qc1 Qb4 21.Nc2 Qa5 22.Ne1 Rad8
23.Bxb7 b5 24.Nd5 Qa2 25.Nxd3 cxd3 26.Rxd3 Rb8 27.Bc6 Bxb2 28.Qc2 Qa1+ 29.Rd1
Qa3 30.Bc5 {#r} 1-0

[Event "It (cat.9) \"]
[Site "masterchessopen.com Olomouc (Czech Republic)"]
[Date "2004.07.08"]
[Round "6"]
[White "Jirka Jiri (CZE)"]
[Black "Bernasek Jan (CZE)"]
[Result "0-1"]
[WhiteElo "2372"]
[BlackElo "2384"]

1.d4 Nf6 2.c4 g6 3.g3 Bg7 4.Bg2 d5 5.cxd5 Nxd5 6.e4 Nb6 7.Ne2 c5 8.d5 O-O
9.O-O e6 10.Nec3 Na6 11.Nd2 Nb4 12.a3 Nd3 13.Qe2 Nxc1 14.Raxc1 exd5 15.exd5
Re8 16.Qb5 Bd4 17.Nb3 Bd7 18.Qa5 Rc8 19.Nxd4 cxd4 20.Ne4 Rxc1 21.Rxc1 Bf5
22.Nc5 d3 23.g4 Qg5 24.Qc3 d2 25.Rd1 Bxg4 26.f3 Re1+ 27.Rxe1 dxe1=Q+ 28.Qxe1
Bh3 29.Qg3 Qc1+ {#R} 0-1

[Event "Ch Great Britain (seniors)"]
[Site "masterchessopen.com Scarborough (England)"]
[Date "2004.08.09"]
[Round "3"]
[White "Anderton David W (ENG)"]
[Black "Doye Peter C (ENG)"]
[Result "1-0"]
[WhiteElo "2248"]
[BlackElo "2013"]

1.d4 Nf6 2.c4 g6 3.g3 Bg7 4.Bg2 d5 5.cxd5 Nxd5 6.e4 Nb6 7.Ne2 c6 8.Nbc3 O-O
9.O-O N8d7 10.b3 e5 11.d5 cxd5 12.exd5 f5 13.Ba3 Re8 14.Rc1 Nf6 15.d6 a6
16.Qd2 Rb8 17.Bb4 Na8 18.Nd5 Nxd5 19.Bxd5+ Be6 20.Bxe6+ Rxe6 21.Qd5 Qf6
22.Rfe1 Nb6 23.Qa5 Nd7 24.Rc7 Qf7 25.Qd5 Rf6 26.Nc3 Rd8 27.Qxb7 Rb8 28.Rc8+
Rxc8 29.Qxc8+ Bf8 30.Qxa6 e4 31.Rd1 Ne5 32.Nd5 Re6 33.Nc7 Rf6 34.Bc3 Nf3+
35.Kg2 Rxd6 36.Rxd6 Qxc7 37.Rc6 Qf7 38.Qc8 {#r} 1-0

[Event "Ch Croatia (team) (1st league)"]
[Site "masterchessopen.com Rabac (Croatia)"]
[Date "2004.09.13"]
[Round "9"]
[White "Horvath Peter_ (HUN)"]
[Black "Rogulj Branko (CRO)"]
[Result "1-0"]
[WhiteElo "2477"]
[BlackElo "2387"]

1.d4 Nf6 2.c4 g6 3.g3 Bg7 4.Bg2 d5 5.cxd5 Nxd5 6.e4 Nb6 7.Ne2 c5 8.d5 e6 9.O-O
exd5 10.exd5 O-O 11.Nec3 Na6 12.Nd2 Bf5 13.Nde4 h6 14.Bf4 Bxe4 15.Bxe4 Qd7
16.h4 Rfe8 17.Bg2 Rad8 18.Rc1 Qf5 19.d6 Be5 20.Bxh6 Rxd6 21.Qb3 Rd7 22.Rce1
Red8 23.g4 Qf6 24.Bg5 Qh8 25.Bxd8 Rxd8 26.Re4 c4 27.Qb5 Bxc3 28.bxc3 Qxc3
29.h5 Nc7 30.Qg5 Rd5 31.Qe7 Rd7 32.Qh4 gxh5 33.gxh5 Ne6 34.Kh2 Kf8 35.h6 Nd4
36.Re3 Nf3+ 37.Rxf3 {#r} 1-0

[Event "It (b)"]
[Site "masterchessopen.com Serpukhov (Russia)"]
[Round "0"]
[White "Goltsov Denis (RUS)"]
[Black "Khudaverdieva Afag (AZE)"]
[Result "1-0"]
[WhiteElo "2296"]
[BlackElo "2086"]

1.d4 Nf6 2.c4 g6 3.g3 Bg7 4.Bg2 d5 5.cxd5 Nxd5 6.e4 Nb6 7.Ne2 O-O 8.O-O c6
9.Nbc3 e5 10.d5 cxd5 11.exd5 Nc4 12.b3 Nd6 13.a4 f5 14.Ba3 Re8 15.Rc1 a6
16.Kh1 Qf6 17.Nb1 Nd7 18.Nd2 e4 19.Rc7 Ne5 20.Qa1 Qd8 21.Rfc1 Re7 22.Bxd6 Nc4
23.Bxe7 Qxc7 24.Bf6 {#r} 1-0

[Event "Ch Provinciale BG"]
[Site "masterchessopen.com Bergamo (Italy)"]
[Date "2004.11.07"]
[Round "6"]
[White "Gerali Paolo (ITA)"]
[Black "Nasoni Paolo (ITA)"]
[Result "1-0"]
[WhiteElo "1951"]
[BlackElo "1902"]

1.d4 Nf6 2.c4 g6 3.g3 Bg7 4.Bg2 d5 5.cxd5 Nxd5 6.e4 Nb6 7.Ne2 O-O 8.Nbc3 c6
9.O-O e5 10.d5 cxd5 11.exd5 Bd7 12.b3 Na6 13.Ba3 Re8 14.Qd2 f5 15.Rac1 Nc8
16.d6 Rb8 17.Nd5 Bc6 18.Nb4 Bd7 19.Nxa6 bxa6 20.Bd5+ Kh8 21.Bc4 Qf6 22.Bxa6
Nxd6 23.Bxd6 Rb6 24.Bxe5 Qxe5 25.Qxd7 Rxa6 26.Rc8 Re6 27.Nf4 Re7 28.Rxe8+ Rxe8
29.Qxa7 g5 30.Nd3 Qe2 31.Re1 Qxe1+ 32.Nxe1 Rxe1+ 33.Kg2 Re4 34.Qa8+ {#r} 1-0

[Event "It (cat.16)"]
[Site "masterchessopen.com Pamplona (Spain)"]
[Date "2004.12.24"]
[Round "3"]
[White "Vaganian Rafael A (ARM)"]
[Black "Sutovsky Emil (ISR)"]
[Result "0-1"]
[WhiteElo "2640"]
[BlackElo "2697"]

{ Vaganian Rafael A (ARM) +4 =3 -0 } 1.d4 { 1 } 1...Nf6 2.c4 g6 3.g3 Bg7 4.Bg2
d5 5.cxd5 Nxd5 6.e4 Nb6 7.Ne2 c5 8.d5 e6 9.Nbc3 ( 9.O-O exd5 ( 9...O-O 10.Nbc3
Na6 11.Nf4 e5 12.Nd3 c4 13.Ne1 Bd7 14.Be3 Rc8 15.Nf3 Nc5 16.Qe2 Qe7 17.Nd2 f5
18.Nf3 { 1/2-1/2, Nielsen Peter Heine 2638 - Sutovsky Emil 2666 , Malme 2003
It (cat.13) } ) 10.exd5 O-O 11.Nbc3 Na6 12.d6 Rb8 13.Bf4 Bd7 14.h4 Bc6 15.d7
Bxg2 16.Kxg2 Ra8 17.Bd6 Qxd7 18.Bxf8 Qc6+ 19.Kh2 Rxf8 20.Rc1 Nb4 21.a3 N4d5
22.Nxd5 Nxd5 23.b4 c4 24.Nd4 Qd7 25.Nc2 Qf5 26.Nd4 Qd7 27.a4 Rc8 28.Nb5 a6 {
...1-0, Vaganian Rafael A 2667 - Holzke Frank 2479 , Germany 2002 Bundesliga
2001/02 } ) 9...O-O ( 9...exd5 10.exd5 O-O 11.O-O Na6 12.h3 Nc4 13.b3 Nd6
14.Bf4 b6 15.Qd2 Re8 16.Rad1 Bb7 17.g4 Nc7 18.a4 Ba6 19.Rfe1 Bxe2 20.Nxe2 Be5
21.Bg5 Bf6 22.Be3 Qd7 23.Ng3 Re7 24.Bf4 Rxe1+ 25.Rxe1 Re8 26.Rd1 Be5 27.Bf1
Bxf4 28.Qxf4 Qe7 29.Qd2 { ...0-1, Lputian Smbat G 2618 - Van Wely Loek 2714 ,
Moscow 2001 Ch World FIDE (KO-system) } ) 10.O-O Na6 ( 10...exd5 11.Nxd5 Bg4
12.h3 Bxe2 13.Qxe2 Nc6 14.Qb5 Nxd5 15.exd5 Nd4 16.Qxc5 Ne2+ 17.Kh1 Nxc1
18.Raxc1 Be5 19.Rfd1 Bd6 20.Qd4 Re8 21.Bf3 Qe7 22.Kg2 Qe5 23.Qa4 Qf6 24.Qb5
Re7 25.Re1 Kg7 26.Rxe7 Qxe7 27.Rc2 Rb8 28.Qa4 a6 29.Qd4+ Qf6 30.Qb6 {
...1/2-1/2, Dautov Rustem 2610 - Bologan Viktor 2673 , Calvia 20.10.2004
Olympiad } ) 11.Nf4 ( 11.Qb3 c4 12.Qa3 exd5 13.exd5 Re8 14.Rd1 Bf5 15.d6 Qd7
16.Bg5 f6 17.Be3 Rad8 18.Nf4 Kh8 19.h3 g5 20.Nh5 Bxh3 21.Nxg7 Kxg7 22.Bh1 Bf5
23.Nd5 Qxd6 24.Ne7 Qxa3 25.Nxf5+ Kg6 26.bxa3 Kxf5 27.Bxb7 Nc7 28.Bc6 Rxd1+
29.Rxd1 Re5 30.a4 Ncd5 { ...1-0, Li Manuel 2308 - Hernandez Ronel 2104 , Cuba
1999 Ch Provincial (1/2 final) } ) 11...exd5 { = } ( 11...e5 12.Nd3 c4 13.Ne1
Bd7 14.Be3 Rc8 15.Nf3 Nc5 16.Qe2 Qe7 17.Nd2 f5 18.Nf3 { 1/2-1/2, Nielsen Peter
Heine 2638 - Sutovsky Emil 2666 , Malme 2003 It (cat.13) } ) 12.exd5 { N } (
12.Nfxd5 Be6 13.Re1 Re8 14.Bf4 Bxd5 15.exd5 Qd7 16.d6 Nb4 17.Rxe8+ Rxe8 18.Ne4
Qf5 19.Be3 Bd4 20.Bxd4 cxd4 21.Qxd4 Nc2 22.Nf6+ Kh8 23.Qh4 h5 24.Nxe8 Nxa1
25.Qd4+ { 1-0, Tregubov Pavel V 2636 - Nepomniachtchi Ian 2445 , St.
Petersburg 5.2004 Ch Russia (qual) } ) 12...Nc4 ( 12...Bf5 13.d6 { } ) 13.Re1
{ } ( 13.Qe2 Nd6 14.Be3 Re8 15.Rfe1 h5 16.h3 Bf5 17.Rac1 Qd7 18.Kh2 Re7 19.b3
Rae8 20.Qd2 b6 21.Red1 Nc7 22.Nd3 Bxc3 23.Qxc3 Rxe3 24.fxe3 Rxe3 25.Nxc5 Qe7
26.Nd3 Ncb5 27.Qc2 Qg5 28.Qf2 Rxd3 29.h4 Qe3 30.Qxe3 Rxe3 31.a4 Nc3 32.Re1
Rxe1 { ...0-1, Nixon Thomas CM 2209 - Antal Gergely 2498 , Millfield School
2003 It (young masters) "Smith & Williamson" } ) 13...Nd6 { N } 14.Ne4 c4
15.Nxd6 Qxd6 16.Qe2 Bf5 17.g4 { ? } ( 17.Qxc4 { !? } 17...Nb4 18.Be4 Rac8
19.Qb3 { } ) 17...Bd7 18.Qxc4 Rac8 { ! } ( 18...Rfc8 19.Qb3 Nb4 ) 19.Qb3 Rxc1
20.Raxc1 Qxf4 21.Qxb7 Nb4 22.Qc7 Qxg4 23.Qc4 Qxc4 24.Rxc4 Nd3 25.Re7 Bb5
26.Rc2 Nf4 27.Bf1 Bxf1 28.Kxf1 Rd8 29.Rd2 a5 30.d6 { ? } ( { ? } 30.Ra7 Rc8
31.f3 Rc1+ 32.Kf2 { } ) 30...Bf8 31.a4 { ?! } ( 31.Ra7 { !? } 31...Bxd6
32.Rxa5 Rc8 33.Rd1 { } ) 31...Rxd6 32.Rxd6 Bxe7 33.Rd4 g5 34.Ke1 Bf6 35.Rc4
Bxb2 36.Kd1 Ba3 37.Rc8+ Kg7 38.Kc2 Nd5 39.Kb3 Bb4 40.Rd8 Nf6 41.Rb8 Bc5 42.f3
h5 43.Rb7 { ?! } ( 43.Rb5 { !? } 43...Nd7 44.Rxa5 Kf6 45.Kc3 { } ) 43...g4
44.fxg4 hxg4 45.Rc7 Bb4 46.Rb7 Nd5 47.Rb5 Ne3 48.Rxb4 axb4 49.Kxb4 Nd5+ 50.Kc5
Ne7 { } {#R} 0-1

[Event "It (open) \"]
[Site "masterchessopen.com Berlin (Germany)"]
[Date "2005.01.01"]
[Round "6"]
[White "Federau Juergen (GER)"]
[Black "Figura Atila Gajo (GER)"]
[Result "1-0"]
[WhiteElo "2220"]
[BlackElo "2342"]

1.d4 Nf6 2.c4 g6 3.g3 Bg7 4.Bg2 d5 5.cxd5 Nxd5 6.e4 Nb6 7.Ne2 c5 8.d5 e6
9.Nbc3 O-O 10.O-O Na6 11.Nf4 exd5 12.Nfxd5 Nxd5 13.exd5 Qb6 14.Re1 Bf5 15.Na4
Qb4 16.a3 Qd4 17.Nc3 Qxd1 18.Rxd1 Bc2 19.Re1 Rfe8 20.Bf4 c4 21.Rxe8+ Rxe8
22.Be3 b6 23.Rc1 Bb3 24.Kf1 h6 25.h4 Kh7 26.Bf3 Rd8 27.h5 Bxc3 28.hxg6+ fxg6
29.bxc3 Nc7 30.Re1 Nxd5 31.Bd4 Bc2 32.Re5 Nxc3 33.Re7+ Kg8 34.Bxc3 Rd3 35.Re3
Kf7 36.Rxd3 cxd3 37.Ke1 Ke6 38.Kd2 Kf5 39.Ke3 g5 40.g4+ Ke6 41.Be4 {#r} 1-0

[Event "It (open)"]
[Site "masterchessopen.com Bar (Yugoslavia)"]
[Date "2005.03.12"]
[Round "9"]
[White "Blagojevic Dragisa (MNE)"]
[Black "Stojanovic Dalibor (BIH)"]
[Result "1-0"]
[WhiteElo "2541"]
[BlackElo "2459"]

{ Blagojevic Dragisa (SCG) +0 =1 -0 } 1.d4 Nf6 2.c4 g6 3.g3 Bg7 4.Bg2 d5
5.cxd5 Nxd5 6.e4 Nb6 7.Ne2 O-O 8.Nbc3 { = } 8...c5 ( 8...Nc6 9.d5 Ne5 10.f4
Nec4 11.a4 a5 12.e5 Nd7 13.Nb5 c6 14.dxc6 bxc6 15.b3 Ncxe5 16.fxe5 Nxe5
17.Nbd4 Ba6 18.O-O Qb6 19.Ba3 Ng4 20.Kh1 Ne3 { 0-1, Bacrot Etienne 2718 -
Miulescu Gabriel 2334 , Paris 1993 It (open) } ) ( 8...e5 9.d5 c6 10.O-O Na6
11.b3 cxd5 12.exd5 Bf5 13.a4 Qd7 14.Ba3 Rfd8 15.Qd2 Bh3 16.Bxh3 Qxh3 17.Rfd1
Nc7 18.d6 Ne6 19.a5 Nd7 20.Nd5 e4 21.Bb2 Ne5 22.Bxe5 Bxe5 23.Ra4 Bxd6 24.Rxe4
Bf8 25.Nef4 Qf5 26.Qe2 Rac8 27.h4 Rc5 28.g4 { ...1/2-1/2, Shabalov Alexander
2585 - Krasenkow Michal 2592 , Bad Wiessee 2001 It (open) } ) 9.dxc5 { +0.22
CAP } ( 9.d5 e6 10.O-O exd5 11.Nxd5 Bg4 12.h3 Bxe2 13.Qxe2 Nc6 14.Qb5 Nxd5
15.exd5 Nd4 16.Qxc5 Ne2+ 17.Kh1 Nxc1 18.Raxc1 Be5 19.Rfd1 Bd6 20.Qd4 Re8
21.Bf3 Qe7 22.Kg2 Qe5 23.Qa4 Qf6 24.Qb5 Re7 25.Re1 Kg7 26.Rxe7 Qxe7 27.Rc2 Rb8
28.Qa4 a6 { ...1/2-1/2, Dautov Rustem 2623 - Bologan Viktor 2669 , Calvia
20.10.2004 Olympiad } ) 9...N6d7 10.Be3 Na6 11.O-O Ndxc5 12.Nd4 Bd7 13.Qe2 Na4
14.Nxa4 Bxa4 15.e5 Rb8 { ?! } ( 15...Bxe5 { !? } 16.Bxb7 Rb8 17.Nf3 Nb4 { } )
16.f4 Nb4 17.Nb3 a6 18.Qd2 { ?! } ( 18.Rfd1 { !? } 18...Qe8 19.Qc4 a5 20.Bc5 {
} ) 18...Qd3 { ?? } ( { ? } 18...Qxd2 19.Bxd2 Nd3 20.Na5 b6 { } ) 19.Nc5 Qxd2
20.Bxd2 Nc2 21.Rac1 Nd4 22.Nxa4 Ne2+ 23.Kf2 Nxc1 24.Rxc1 Rfd8 25.Ke2 b6 26.Nc3
f6 27.Nd5 Rd7 28.e6 Rd6 29.Nxe7+ Kh8 30.f5 gxf5 31.Rc6 Rbd8 32.Bf4 { } {#r}
1-0

[Event "It \"]
[Site "masterchessopen.com Monaco"]
[Date "2005.03.20"]
[Round "2"]
[White "Bareev Evgeny (RUS)"]
[Black "Van Wely Loek (NED)"]
[Result "1-0"]
[WhiteElo "2675"]
[BlackElo "2648"]

{ Van Wely Loek (NED) +1 =1 -0 } 1.d4 Nf6 2.c4 g6 3.g3 Bg7 4.Bg2 d5 5.cxd5
Nxd5 6.e4 Nb6 7.Ne2 c5 8.d5 e6 9.O-O exd5 ( 9...O-O 10.Nbc3 Na6 11.Nf4 exd5
12.Nfxd5 Be6 13.Re1 Re8 14.Bf4 Bxd5 15.exd5 Qd7 16.d6 Nb4 17.Rxe8+ Rxe8 18.Ne4
Qf5 19.Be3 Bd4 20.Bxd4 cxd4 21.Qxd4 Nc2 22.Nf6+ Kh8 23.Qh4 h5 24.Nxe8 Nxa1
25.Qd4+ { 1-0, Tregubov Pavel V 2629 - Nepomniachtchi Ian 2492 , St.
Petersburg 5.2004 Ch Russia (qual) } ) 10.exd5 O-O 11.Nec3 Na6 { = } (
11...N8d7 12.Ne4 Nf6 13.Nbc3 Nbd7 14.Re1 Nxe4 15.Nxe4 Qb6 16.d6 Ne5 17.Bg5 Bg4
18.f3 Bf5 { 1/2-1/2, Hulak Krunoslav 2530 - Jukic Mirko 2456 , Pula 1992 Cup
Croatia } ) 12.Nd2 ( 12.a4 Bf5 13.Na3 Nb4 14.Be3 Rc8 15.d6 Bd3 16.a5 Nd7
17.Bxb7 Rb8 18.a6 Qb6 19.Re1 Nxa6 20.Qxd3 Qxb7 21.Nc4 Nb4 22.Qd2 Nc6 23.Qd5
Nb6 24.Nxb6 axb6 25.Bg5 Nd4 26.Qxb7 Rxb7 27.Re7 Rbb8 28.Kg2 h6 29.Bf4 g5
30.Be5 Nf5 31.Bxg7 Kxg7 { ...1/2-1/2, Stohl Igor 2560 - Ftacnik Lubomir 2610 ,
Germany 1996 Bundesliga 1995/96 } ) 12...Bf5 ( 12...Nb4 13.Nde4 c4 14.Bg5 f6
15.Be3 Nd3 16.Nc5 Nxb2 17.Qd2 Nd3 18.Nxd3 cxd3 19.Qxd3 Bf5 20.Qb5 Qd7 21.Bxb6
axb6 22.Qxb6 Rfc8 23.Rac1 Bh6 24.Ne4 Bxe4 25.Rxc8+ Rxc8 26.Bxe4 f5 27.Bg2 Bf8
28.Rb1 Rc7 29.Qe6+ Qf7 30.a4 Bc5 31.a5 Re7 32.Qxf7+ { ...1/2-1/2, Gevorgjan K
2295 - Baikov Vladimir A 2370 , Moscow 1995 It (open) } ) ( 12...h6 13.a4 Bf5
14.a5 Nc8 15.Nc4 Nd6 16.Nxd6 Qxd6 17.g4 Bd7 18.Ne4 Qb8 19.Bxh6 Bxg4 20.Qxg4
Bxh6 21.f4 Kg7 22.f5 Qe5 23.fxg6 f5 24.Qg3 Qxg3 25.Nxg3 Be3+ 26.Kh1 f4 27.Rae1
Kxg6 28.Be4+ Kg5 29.Nf5 Rae8 30.Nd6 Rb8 31.Nc4 Bd4 32.Re2 { ...1-0, Jirka Jiri
2330 - Lupulescu Constantin 2467 , Patras 2001 Ch Europe (juniors) (under 20)
} ) 13.Nde4 Qd7 ( 13...h6 14.Bf4 g5 15.Bd6 Re8 16.Bxc5 Nc4 17.Bd4 Nxb2 18.Qd2
Nc4 19.Qd1 Nb2 20.Qd2 Nc4 21.Qd1 Nb2 { 1/2-1/2, Mchedlishvili Mikheil 2566 -
Shipov Sergei 2604 , Moscow 2002 It (open) "Aeroflot" } ) 14.Qb3 { N } (
14.Bg5 Bxe4 15.Nxe4 f5 16.Nc3 { 1/2-1/2, Grabarczyk Miroslaw 2484 - Stohl Igor
2600 , Koszalin 1999 It (open) } 16...Rfe8 17.d6 Nb4 18.Re1 Nc4 19.Re7 Qxd6
20.Rxb7 Nd3 21.Nb5 { 0-1, Kacheishvili Giorgi 2583 - Simonenko Sergei 2403 ,
Ubeda 2001 It (open) } ) ( 14.Bh6 Rad8 15.Bg5 f6 16.Be3 Nc4 17.Bxc5 Nxc5
18.Nxc5 Qc8 19.Qd4 Nxb2 20.Nb5 b6 21.Qxb2 Qxc5 22.Rac1 Qe7 23.Rfe1 Qf7 24.Rc7
Rd7 25.Nd6 { 1-0, Grabarczyk Miroslaw 2506 - Bobras Piotr 2441 , Warsaw 2002
Ch Poland } ) 14...Bh3 15.Bxh3 Qxh3 16.Be3 c4 17.Qb5 Nc7 18.Qa5 Qf5 19.Rad1
Rfd8 20.Bxb6 axb6 21.Qxb6 Bxc3 22.Nxc3 Nxd5 23.Nxd5 Rxd5 24.Qxb7 Rad8 25.Rxd5
Rxd5 26.Qb8+ Kg7 27.Qb4 Qc2 28.a4 Rd3 29.Re1 Rb3 30.Qc5 Rxb2 { ? } ( 30...Qxb2
31.Re8 Qd2 32.Kg2 Qd8 { } ) 31.Qd4+ Kh6 32.Re4 f6 33.Rh4+ Kg7 34.Qd7+ Kf8
35.Qd8+ Kg7 36.Qe7+ Kg8 37.Qxh7+ Kf8 38.Qh8+ Kf7 39.Rh7+ Ke6 40.Qc8+ Ke5
41.Qc5+ Ke4 { +156.50 CAP } 42.Rh4+ { } {#r} 1-0

[Event "Ch Hessen"]
[Site "masterchessopen.com Offenbach (Germany)"]
[Date "2005.03.29"]
[Round "2"]
[White "Stockmann Michael (GER)"]
[Black "Roeschlau Bernd (GER)"]
[Result "0-1"]
[WhiteElo "2269"]
[BlackElo "2236"]

1.d4 Nf6 2.c4 g6 3.g3 Bg7 4.Bg2 d5 5.cxd5 Nxd5 6.e4 Nb6 7.Ne2 O-O 8.Nbc3 a5
9.h4 Nc6 10.d5 Ne5 11.Nd4 c5 12.Ndb5 a4 13.Bf4 Nbc4 14.Qe2 Bg4 15.f3 Bd7
16.O-O Qb6 17.Na3 Qxb2 18.Qxb2 Nxb2 19.Rab1 Ned3 20.Bd2 Rfb8 21.Ncb5 Ra6 22.f4
Rb6 23.Nc7 Rc8 24.Ba5 Bd4+ 25.Kh2 c4 26.d6 Rxd6 27.e5 Rc6 28.Bxc6 bxc6 29.Nc2
Ba7 30.Bc3 a3 31.Na6 Nf2 {#R} 0-1

[Event "Ch Europe"]
[Site "masterchessopen.com Warsaw (Poland)"]
[Date "2005.06.25"]
[Round "7"]
[White "Wojtaszek Radoslaw (POL)"]
[Black "Kovchan Alexander (UKR)"]
[Result "1-0"]
[WhiteElo "2606"]
[BlackElo "2504"]

{ } 1.d4 Nf6 2.c4 g6 3.g3 Bg7 4.Bg2 d5 5.cxd5 Nxd5 6.e4 Nb6 7.Ne2 c5 8.d5 e6 {
= } 9.Nbc3 ( 9.O-O exd5 10.exd5 O-O 11.Nec3 Na6 12.Nd2 Bf5 13.Nde4 Qd7 14.Qb3
Bh3 15.Bxh3 Qxh3 16.Be3 c4 17.Qb5 Nc7 18.Qa5 Qf5 19.Rad1 Rfd8 20.Bxb6 axb6
21.Qxb6 Bxc3 22.Nxc3 Nxd5 23.Nxd5 Rxd5 24.Qxb7 Rad8 25.Rxd5 Rxd5 26.Qb8+ Kg7
27.Qb4 Qc2 28.a4 Rd3 { ...1-0, Bareev Evgeny 2709 - Van Wely Loek 2679 , Monte
Carlo 20. 3.2005 It "Melody Amber" (active) } ) 9...O-O 10.O-O Na6 11.Nf4 (
11.Qb3 c4 12.Qa3 exd5 13.exd5 Re8 14.Rd1 Bf5 15.d6 Qd7 16.Bg5 f6 17.Be3 Rad8
18.Nf4 Kh8 19.h3 g5 20.Nh5 Bxh3 21.Nxg7 Kxg7 22.Bh1 Bf5 23.Nd5 Qxd6 24.Ne7
Qxa3 25.Nxf5+ Kg6 26.bxa3 Kxf5 27.Bxb7 Nc7 28.Bc6 Rxd1+ 29.Rxd1 Re5 30.a4 Ncd5
{ ...1-0, Li Manuel 2308 - Hernandez Ronel 2104 , Cuba 1999 Ch Provincial (1/2
final) } ) 11...e5 ( 11...exd5 12.exd5 Nc4 13.Re1 Nd6 14.Ne4 c4 15.Nxd6 Qxd6
16.Qe2 Bf5 17.g4 Bd7 18.Qxc4 Rac8 19.Qb3 Rxc1 20.Raxc1 Qxf4 21.Qxb7 Nb4 22.Qc7
Qxg4 23.Qc4 Qxc4 24.Rxc4 Nd3 25.Re7 Bb5 26.Rc2 Nf4 27.Bf1 Bxf1 28.Kxf1 Rd8
29.Rd2 a5 30.d6 Bf8 31.a4 { ...0-1, Vaganian Rafael A 2640 - Sutovsky Emil
2697 , Pamplona 24.12.2004 It (cat.16) } ) ( 11...Bd7 { +0.15 CAP } ) 12.Nd3 (
12.Nh3 Nc4 13.Qe2 Nd6 14.f4 exf4 15.Bxf4 Re8 16.e5 Nf5 17.Rae1 Nb4 18.Qd2 c4
19.Nf2 Qb6 20.Na4 { 1/2-1/2, Wexler Francisco - Pilnik Herman 2400 , Mar del
Plata 1953 It } ) ( 12.Nfe2 Nc4 13.b3 Nd6 14.Be3 b6 15.Qd2 Re8 16.f4 Nc7
17.Rf2 exf4 18.Bxf4 Ba6 19.Re1 Qe7 20.g4 Be5 21.Bxe5 Qxe5 22.Ng3 Re7 23.Bf1
Bc8 24.Be2 Bd7 25.Ref1 Rf8 26.Qc1 Nce8 27.Kh1 f6 28.Rg1 Ng7 29.Bf3 Qg5 30.Qxg5
fxg5 31.Rgf1 Nge8 { ...0-1, Euwe Max - Pilnik Herman 2400 , Amsterdam 1950 It
} ) 12...c4 ( 12...Nc4 13.Qe2 Nd6 14.f4 f6 15.fxe5 fxe5 16.Rxf8+ Qxf8 17.Be3
b6 18.Rf1 Qe8 19.Rd1 h5 20.Nf2 Nc7 21.g4 Ba6 22.Qf3 Qf7 23.gxh5 gxh5 24.Qg3
Rf8 25.Nh3 Qd7 26.Qg6 Nc4 27.Ng5 Rf6 28.Qh7+ Kf8 29.Ne6+ Nxe6 30.dxe6 Qxe6
31.Bg5 Nd6 32.Bxf6 { ...1-0, Petrosian Arshak B 2460 - Lin Weiguo 2495 ,
Shenzhen 1992 It } ) 13.Ne1 Bd7 ( 13...f5 14.exf5 gxf5 15.Be3 Qf6 16.Qe2 e4
17.f3 exf3 18.Nxf3 Re8 19.Qd2 Bd7 20.Nh4 Nb4 21.Rf3 Rxe3 22.Rxe3 Bh6 23.Rf1
Nc2 24.Qxc2 Bxe3+ 25.Kh1 f4 26.Ne2 Re8 27.Nxf4 Bxf4 28.Be4 Qd6 29.gxf4 Nxd5
30.Qg2+ { 1-0, Johannessen Leif Erlend 2356 - Elsness Frode 2395 , Gausdal
1999 Ch Norway } ) 14.f4 ( 14.Be3 Rc8 15.Nf3 Nc5 16.Qe2 Qe7 17.Nd2 f5 18.Nf3 {
1/2-1/2, Nielsen Peter Heine 2663 - Sutovsky Emil 2697 , Malme 2003 It
(cat.13) } ) 14...exf4 { +0.72 CAP } 15.Bxf4 { N } ( 15.gxf4 Nc5 16.Be3 Nba4
17.Qd2 Nxc3 18.bxc3 Qa5 19.Rc1 Rfe8 20.e5 Bf5 21.Kh1 Rad8 22.Qd4 Rc8 23.Rf2 b6
24.d6 Qb5 25.Rd1 Qd7 26.Bd5 Ne6 27.Qd2 Nc5 28.Rg2 Red8 29.Nf3 Ne4 30.Qc1 Nc5
31.Ng5 Ne6 32.Nf3 Nc5 33.Nd4 Nd3 34.Qd2 Bh3 { ...1-0, Horvath Peter_ 2477 -
Topakian Raffi 2409 , Austria 28. 2.2004 Staatsliga B Mitte 2003/04 } )
15...Nc5 16.Qd2 Nba4 17.Rc1 { ?! = } ( 17.Nxa4 { !? } 17...Nxa4 18.e5 Qb6+
19.Rf2 { ? } ) 17...Nxc3 18.bxc3 Re8 19.e5 Bxe5 20.Bxe5 Rxe5 21.Nf3 Re8 22.Qd4
Nd3 23.Rb1 b5 24.a4 a6 25.Nd2 f5 { ? +?? } ( 25...Ne5 26.d6 Rb8 27.Kh1 Bf5 {
?/= } ) 26.d6 Rb8 27.Nxc4 Be6 28.Ne3 Rb6 29.d7 Re7 30.Nd5 { +?? } {#r} 1-0

[Event "It (open)"]
[Site "masterchessopen.com Gorges (France)"]
[Round "3"]
[White "Rabhi Chamss-Eddine (FRA)"]
[Black "Berthelot Yannick (FRA)"]
[Result "0-1"]
[WhiteElo "2076"]
[BlackElo "2307"]

1.d4 Nf6 2.c4 g6 3.g3 Bg7 4.Bg2 d5 5.cxd5 Nxd5 6.e4 Nb6 7.Ne2 O-O 8.O-O e5
9.d5 c6 10.Nbc3 cxd5 11.exd5 Bf5 12.b3 Qd7 13.Be3 Rd8 14.a4 Na6 15.a5 Nc8
16.Ra4 Nd6 17.f3 Qe7 18.Ne4 Bd7 19.Rc4 Bb5 20.Rc1 Nf5 21.d6 Qe6 22.Bf2 Nxd6
23.Qc2 Rac8 24.Qb2 Nxe4 25.fxe4 Bh6 26.Rxc8 Qxc8 27.Nc3 Bxf1 28.Bxf1 Rd2
29.Qa1 Nb4 30.Nd5 Nxd5 31.exd5 Qf5 32.Qe1 Qf3 33.Bg2 Qd1 34.b4 Be3 {#R} 0-1